书目信息 |
| 题名: |
城市测量规范
|
|
| 作者: | ;苏俄公用事业人民委员部城市测量公司 编制 | |
| 分册: | ||
| 出版信息: | 北京 城市建设出版社 1957 |
|
| 页数: | 186页 | |
| 开本: | 20cm | |
| 丛书名: | ||
| 单 册: | ||
| 中图分类: | P201 | |
| 科图分类: | ||
| 主题词: | 测绘学 , 测量学 | |
| 电子资源: | ||
| ISBN: | ||
| 000 | 00712nam0 2200205 450 | |
| 001 | 0632641703 | |
| 005 | 20060510090623.73 | |
| 010 | @dCNY0.95 | |
| 100 | @a20060510d1957 km y0chiy0120 ea | |
| 101 | 0 | @achi |
| 102 | @aCN@b110000 | |
| 200 | 1 | @a城市测量规范@Acheng shi ce liang gui fan@f苏俄公用事业人民委员部城市测量公司编制@Fsu e gong yong shi ye ren min wei yuan bu cheng shi ce liang gong si bian zhi |
| 210 | @a北京@c城市建设出版社@d1957 | |
| 215 | @a186页@d20cm | |
| 606 | 0 | @a测绘学 |
| 606 | 0 | @a测量学 |
| 690 | @aP201@v3 | |
| 711 | 0 | @a苏俄公用事业人民委员部城市测量公司@Asu e gong yong shi ye ren min wei yuan bu cheng shi ce liang gong si@4编制 |
| 801 | 0 | @aCN@bPFT@c20060510 |
| 905 | @a10447@dP201@e4 | |
| 城市测量规范/苏俄公用事业人民委员部城市测量公司编制.-北京:城市建设出版社,1957 |
| 186页;20cm |
| ISBN :CNY0.95 |
| ● |
| 相关链接 |
|
|
|
|
正题名:城市测量规范
索取号:P201/4
 
预约/预借
| 序号 | 登录号 | 条形码 | 馆藏地/架位号 | 状态 | 备注 |
| 1 | 0016729 | 202309411 | 密集书库/ [索取号:P201/4] | 在馆 |